Catalog

Record Details

Catalog Search



Lesen und Verstehen : die biblische Botschaft im Überblick. Bd. 2, Neues Testament  Cover Image Book Book

Lesen und Verstehen : die biblische Botschaft im Überblick. Bd. 2, Neues Testament / Hermann Mahnke

Mahnke, Hermann (Author).

Record details

  • ISBN: 3525612907
  • Physical Description: XVI S., S. 287 - 559 Ill., Kt. ; 21 cm
  • Publisher: Göttingen : Vandenhoeck & Ruprecht, 1992

Available copies

  • 1 of 1 copy available at Common Catalog SPOK.

Holds

  • 0 current holds with 1 total copy.
Show All Copies
Location Call Number / Copy Notes Barcode Shelving Location Status Due Date
Jabok Library NZ-4.5 424480033387 Odborná literatura Available -

LDR 05397nam a2201057 ac4500
00119018
003CZ-PrJAB
00520150413094920.0
007ta
008920904s1992 gw 000 0 ger d
0167 . ‡a920768156 ‡2DE-101
020 . ‡a3525612907
035 . ‡a(DE-601)033222118
035 . ‡a(OCoLC)256462310
035 . ‡a(DE-599)GBV033222118
040 . ‡aGBVCP ‡bger ‡cGBVCP ‡erakwb
0410 . ‡ager
072 7. ‡a2-23/-27 ‡xBible. Biblistika ‡2Konspekt ‡95
1001 . ‡aMahnke, Hermann
24510. ‡aLesen und Verstehen : ‡bdie biblische Botschaft im Überblick. ‡nBd. 2, ‡pNeues Testament / ‡cHermann Mahnke
260 . ‡aGöttingen : ‡bVandenhoeck & Ruprecht, ‡c1992
300 . ‡aXVI S., S. 287 - 559 ‡bIll., Kt. ; ‡c21 cm
4900 . ‡aBiblisch-theologische Schwerpunkte ‡v9
6530 . ‡aNový zákon ‡abible
910 . ‡aABG312
901 . ‡a19018 ‡b ‡c19018 ‡tbiblio

Additional Resources